00366pab a2200133 454500008004000000100001900040245006500059260000900124300001400133362000800147650002900155650001800184773003000202180718b2009 xxu||||| |||| 00| 0 eng d aViebrock, Elke aSocial policy in Scotland since devolution: a review article c2009 ap.419-30. aJul aScotland - Social policy aSocial policy aSocial Policy and Society